000 00487nam a2200145Ia 4500
008 210428s9999 xx 000 0 und d
020 _a0-930403-56-8
082 _a660.04 A494 T
100 _aEditor Emil j.Eichblatt jr
_9127189
245 0 _aTest and Evaluation of the Tactical Missile
260 _bAmerican Institute of Aeronautics and Astronautics
_aWashington, DC
_c1989
300 _a415p
440 _aProgress in astronautics and aeronautics V-119
_9127188
942 _cBK
_2ddc
999 _c559977
_d559977